Di bawah bendera matahari

Bibliographic Details
Main Author: Arman Sani
Format: Book
Published: Kuala Lumpur : Dewan Bahasa dan Pustaka , 1995
Subjects:

MARC

LEADER 00000cam a2200000 7i4500
001 0000004301
005 20050422.0
020 |a 9836244948 
040 |a INS 
090 0 0 |a PL5186.A73   |b D5 1995 
100 1 |a Arman Sani 
245 1 0 |a Di bawah bendera matahari   |c Arman Sani 
260 |a Kuala Lumpur :   |b Dewan Bahasa dan Pustaka ,   |c 1995 
300 |a 224 ms. 
650 0 0 |a Malay fiction 
999 |a 0000007209   |b BOOK   |c Open Shelf   |e Default branch